Les clubs engagés en Ligue Europa (2014-2015) - Statistiques

Statistiques générales
  • Ce quiz a été pris 46 fois
  • Le résultat moyen est 16 sur 48
Statistiques - réponses
Groupe Pays Club % Correct
I Suisse BSC Young Boys
79%
H France Lille OSC
71%
F France AS Saint-Etienne
64%
F Italie Inter Milan
61%
G Espagne Séville FC
61%
B Danemark FC Copenhague
57%
D Ecosse Celtic Glasgow
54%
B Belgique Club Bruges KV
54%
J Ukraine Dynamo Kiev
54%
K Italie Fiorentina
54%
G Belgique Standard de Liège
54%
C Turquie Besiktas
46%
C Angleterre Tottenham Hotspur
46%
H Allemagne VFL Wolfsbourg
46%
H Angleterre Everton
43%
G Pays-Bas Feyenoord Rotterdam
43%
K Grèce PAOK Salonique
43%
E Pays-Bas PSV Eindhoven
43%
I Italie SSC Naples
43%
A Suisse FC Zurich
39%
C Serbie Partizan Belgrade
39%
J Roumanie Steaua Bucarest
39%
D Croatie Dinamo Zagreb
36%
A Allemagne Borussia Monchengladbach
32%
E Grèce Panathinaikos
32%
D Autriche Red Bull Salzbourg
32%
K France EA Guingamp
29%
F Azerbaidjan Qarabag Agdam
29%
B Italie Torino FC
29%
F Ukraine Dnipro Dnipopetrovsk
25%
A Espagne Villarreal CF
25%
K Biélorussie Dynamo Minsk
21%
H Russie FK Krasnodar
21%
B Finlande HJK Helsinki
21%
G Croatie HNK Rijeka
21%
A Chypre Apollon Limassol
18%
L Pologne Legia Varsovie
18%
I Slovaquie Slovan Bratislava
18%
J Danemark Aalborg BK
14%
I République Tchèque Sparta Prague
14%
C Grèce Asteras Tripolis
7%
D Roumanie Astra Giurgiu
7%
E Russie Dynamo Moscou
7%
E Portugal Estoril Praia
7%
L Turquie Trabzonspor
7%
L Belgique KSC Lokeren
4%
J Portugal Rio Ave
4%
L Ukraine Metalist Kharkiv
0%
Aucun quiz correspondant
Distribution des résultats
% des personnes avec chaque résultat
Percentile par nombre de réponses
Votre historique - résultats
Vous n’avez pas pris ce quiz